|
|
|
|
| LEADER |
00000nam a22000007a 4500 |
| 005 |
20130115190543.0 |
| 007 |
cr|||| |||| |
| 008 |
130115e2011 sp |||||s|||| 00||0 spa d |
| 020 |
|
|
|a 978-84-9961-014-6
|
| 035 |
|
|
|a 6932
|
| 040 |
|
|
|a vLex
|
| 090 |
|
|
|c 3527
|d 3527
|
| 100 |
1 |
0 |
|a Lopez Betancourt, Eduardo
|
| 245 |
1 |
0 |
|a Drogas
|b entre el derecho y el drama
|h [Recurso electrn̤ico]
|
| 256 |
|
|
|6 Servicio en ln̕ea
|
| 260 |
|
|
|a Madrid :
|b Editorial Universitaria Ramn̤ Areces,
|c 2011
|
| 300 |
|
|
|a 1 Recurso electrn̤ico
|
| 650 |
0 |
4 |
|a Drogas
|
| 650 |
0 |
4 |
|a Investigacin̤ cientf̕ica
|
| 650 |
0 |
4 |
|a Toxicomana̕
|
| 740 |
|
|
|a vLex Libros (Servicio en ln̕ea)
|
| 856 |
|
|
|a Acceso restringido
|u http://vlex.com/source/6932
|
| 942 |
|
|
|c BOOK
|
| 999 |
|
0 |
|a Scientific research
|
| 999 |
|
0 |
|a Drug traffic
|
| 999 |
|
0 |
|a Drugs
|